Welfare state restructuring in education and its national refractions /

La gobernanza del Estado de Bienestar esté siendo profundamente transformada en muchos países occidentales. De manera similar, reformas de corte neoliberal están siendo aplicadas en el campo de la educación en toda Europa. El objetivo fundamental del artículo es examinar como los profesores irlandes...

Mô tả đầy đủ

Đã lưu trong:
Chi tiết về thư mục
Tác giả chính: Houtsonen, Jarmo
Tác giả khác: Czaplicka, Magdalena, Lindblad, Sverker, Sohlberg, Peter, Sugrue, Ciaran
Định dạng: Texto
Những chủ đề:
Các nhãn: Thêm thẻ
Không có thẻ, Là người đầu tiên thẻ bản ghi này!

MARC

LEADER 00000 a a2200000 04500
001 45291
003
040
100 |a Houtsonen, Jarmo  
245 |a Welfare state restructuring in education and its national refractions /  |c Jarmo Houtsonen, Magdalena Czaplicka, Sverker Lindblad, Peter Sohlberg, Ciaran Sugrue  
520 |a La gobernanza del Estado de Bienestar esté siendo profundamente transformada en muchos países occidentales. De manera similar, reformas de corte neoliberal están siendo aplicadas en el campo de la educación en toda Europa. El objetivo fundamental del artículo es examinar como los profesores irlandeses, finlandeses y suecos perciben los cambios en el control profesional y autonomía de trabajo, así como la influencia de la documentación y evaluación sobre su trabajo diario.  
590 |a DISEMINAR032014   |a RRH/MARZO2014  
650 |a 1.EDUCACION  
650 |a 2.PROFESORES  
650 |a 3.ESTADO  
650 |a 4.BIENESTAR SOCIAL  
650 |a 5.REFORMAS  
650 |a 6.FINLANDIA  
650 |a 7.IRLANDA  
650 |a 8.SUECIA  
700 |a Czaplicka, Magdalena  
700 |a Lindblad, Sverker  
700 |a Sohlberg, Peter  
700 |a Sugrue, Ciaran  
773 |g volumen28, número4 ( , 2010), páginas 597-622 : tablas  
999 |c 28940  |d 28940